Pokemon - Sudden Death - Statistics

General Stats
  • This quiz has been taken 290 times
  • The average score is 2 of 27
Answers on the Grid
Answers color-coded by a green-red scale on the quiz's grid according to % correct below.
Hydrapple
Eevee
Hypno
Cinderace
Charizard
Ceruledge
Poipole
Drowzee
Watchog
Pecharunt
Vaporeon
Axew
Feebas
Shiinotic
Dragonair
Houndstone
Bewear
Lairon
Blastoise
Koraidon
Miraidon
Nidorina
Nihilego
Necrozma
Aggron
Purrloin
Simisage
Kangaskhan
Lucario
Dartrix
Bibarel
Delphox
Talonflame
Tapu Fini
Rhyperior
Onix
Noctowl
Spinda
Lechonk
Quaxwell
Squawkabilly
Espathra
Larvitar
Pikachu
Patrat
Lugia
Golbat
Mime Jr.
Hippopotas
Meowscarada
 
Answer Stats
Answer % Correct
Eevee
83%
Hydrapple
42%
Charizard
19%
Vaporeon
11%
Ceruledge
7%
Cinderace
5%
Houndstone
5%
Lucario
5%
Miraidon
5%
Purrloin
5%
Pikachu
4%
Dragonair
3%
Feebas
3%
Poipole
3%
Noctowl
2%
Watchog
2%
Delphox
1%
Espathra
1%
Lugia
1%
Meowscarada
1%
Mime Jr.
1%
Nidorina
1%
Quaxwell
1%
Simisage
1%
Tapu Fini
1%
Koraidon
0%
Rhyperior
0%
No matching quizzes found
Score Distribution
Percent of People with Each Score
Percentile by Number Answered
Your Score History
You have not taken this quiz